ბათუმის შოთა რუსთაველის სახელმწიფო უნივერსიტეტის ბიბლიოთეკა

ზმნის ხმოვანპრეფიქსული წარმოება ქართულში / (ბიბ.ჩანაწერი № 52850)

000 -ლიდერი
ფიქსირებული სიგრძის საკონტროლო ველი 01323nam a2200301Ia 4500
001 - საკონტროლო ნომერი
საკონტროლო ველი 19880
003 - საკონტროლო ნომრის იდენტიფიკატორი
საკონტროლო ველი GE_BSU
005 - ბოლო ოპერაციის თარიღი და დრო
საკონტროლო ველი 20200423233409.0
008 - ფიქსირებული სიგრძის მონაცემთა ელემენტები - ზოგადი ინფორმაცია
ფიქსირებული სიგრძის საკონტროლო ველი 181216s1983||||ge |||||||||||||| ||geo||
040 ## - კატალოგიზაციის წყარო
Transcribing agency GE_BSU
041 ## - ენის კოდი
Language code of text/sound track or separate title geo
080 ## - უნივერსალური ათობითი კლასიფიკაციის ინდექსი
Universal Decimal Classification number 811.353.1'367.625 ჯ-71
100 ## - მთავარი ჩანაწერი - პიროვნების სახელი
Personal name ჯორბენაძე, ბესარიონ
9 (RLIN) 1214
245 ## - ცნობა სათაურის შესახებ
Title ზმნის ხმოვანპრეფიქსული წარმოება ქართულში /
Remainder of title ბესარიონ ჯორბენაძე ; რედ. : ა. კიზირია
260 ## - გამოქვეყნების, გავრცელების, და სხვა. ცნობები
Place of publication, distribution, etc თბილისი
260 ## - გამოქვეყნების, გავრცელების, და სხვა. ცნობები
Name of publisher, distributor, etc თბილ. უნ-ტის გამ-ბა
260 ## - გამოქვეყნების, გავრცელების, და სხვა. ცნობები
Date of publication, distribution, etc 1983
300 ## - ფიზიკური აღწერა
Extent 247 გვ. ;
Dimensions 21 სმ.
504 ## - BIBLIOGRAPHY, ETC. NOTE
Bibliography, etc ბიბლიოგრ. : გვ. 240-246
520 ## - SUMMARY, ETC.
Summary, etc რეზ. რუს. ენაზე.
653 ## - INDEX TERM--UNCONTROLLED
Uncontrolled term ზმნა ქართულ ენაში
653 ## - INDEX TERM--UNCONTROLLED
Uncontrolled term ზმნის ხმოვანპრეფიქსული წარმოება ქართულში
653 ## - INDEX TERM--UNCONTROLLED
Uncontrolled term ქართული ენა
700 ## - ADDED ENTRY--PERSONAL NAME
Personal name კიზირია, ა.
Relator term რედაქტორი
9 (RLIN) 7690
710 ## - ADDED ENTRY--CORPORATE NAME
Corporate name or jurisdiction name as entry element თსუ
Subordinate unit ახალი ქართული ენის კათედრა
9 (RLIN) 7973
942 ## - ADDED ENTRY ELEMENTS (KOHA)
Koha item type წიგნი
Source of classification or shelving scheme
ეგზემპლარები
ჩამოწერის სტატუსი დაკარგული ეგზემპლარის სტატუსი კლასიფიკაციის წყარო ან თაროზე გაწყობის სქემა დაზიანების სტატუსი არ გაიცემა მუდმივი მდებარეობა (დაცვის ადგილი) ამჟამინდელი ადგილსამყოფელი თაროზე განთავსების ადგილი შეძენის თარიღი ღირებულება, შესყიდვის ნორმალური ფასი სრული შენახვის შიფრი შტრიხკოდი ბოლო ოპერაციის თარიღი ეგზემპლარის მიმდევრობითი ნომერი (კეტერი?) ფასის ძალაში შესვლის თარიღი ეგზემპლარის სახეობა საჯარო შენიშვნა
          ბათუმის შოთა რუსთაველის სახელმწიფო უნივერსიტეტის მთავარი ბიბლიოთეკა ბათუმის შოთა რუსთაველის სახელმწიფო უნივერსიტეტის მთავარი ბიბლიოთეკა წიგნსაცავი 2018-12-17 4.00 811.353.1'367.625 ჯ-71 52241 2018-12-17 52241 2018-12-17 წიგნი 4.00 ლ.